| 000 | 00582nam a2200217 a 4500 | ||
|---|---|---|---|
| 001 | BRCA_5298 | ||
| 005 | 20190320205025.0 | ||
| 008 | 021210s1983----nyua######---#000-0#eng-# | ||
| 020 | _a0517424827 | ||
| 041 | _aeng | ||
| 044 | _anyu | ||
| 050 | 4 |
_aNK2808 _b.F54 1983 |
|
| 100 | 1 |
_aField, D. M. _913584 |
|
| 245 | 1 | 0 |
_aOriental rugs _ctext by D.M. Field. |
| 260 |
_aNueva York _bCrescent Books _c1983 |
||
| 300 |
_a88 p. _bil. a color _c33 cm. |
||
| 500 | _aDonación Dr. Héctor Rivero Borrell Vázquez | ||
| 650 | 1 | 4 |
_aTapetes _zOriente _913585 |
| 902 | _aDHR | ||
| 942 |
_2lcc _cB |
||
| 999 |
_c4992 _d4992 |
||